Earth Is but One Country (Record no. 10526)

MARC details
000 -LEADER
fixed length control field 00634nam a2200241 a 4500
020 ## - INTERNATIONAL STANDARD BOOK NUMBER
ISBN 8185091
082 00 - DEWEY DECIMAL CLASSIFICATION NUMBER
Classification number 297.93
Author Cutter HUD
100 ## - MAIN ENTRY--AUTHOR NAME
Author name Huddleston, John
245 ## - TITLE STATEMENT
Title Earth Is but One Country
260 ## - PUBLICATION, DISTRIBUTION, ETC. (IMPRINT)
Place of publication Delhi
Name of publisher Bahai Pub.Trust
Year of publication 1993
300 ## - PHYSICAL DESCRIPTION
Number of Pages 179p
500 ## - GENERAL NOTE
General note includes index and biblioraphy
505 2# - FORMATTED CONTENTS NOTE
Formatted contents note English Rendering Muhammad Akbnar Muradpuri, Abul Aziz Kamal
650 ## - SUBJECT ADDED ENTRY--TOPICAL TERM
Topical Term Bahai Faith
942 ## - ADDED ENTRY ELEMENTS (KOHA)
Koha item type Books
700 1# -
-- Huddleston, John
Holdings
Collection code Home library Current library Date acquired Cost, normal purchase price Full call number Accession Number Koha item type
  Henry Martyn Institute Library Henry Martyn Institute Library 07/02/2007 30.00 297.93 HUD 018528 Books
                   Copyright © 2026 | Henry Martyn Institute | Hyderabad | TS-500052 | INDIA | Implemented by hmi.edu.in
Hit-Count:

Powered by Koha